| 000 | 00839nam a2200241 a 4500 | ||
|---|---|---|---|
| 001 | BRCA_476 | ||
| 005 | 20190320203028.0 | ||
| 008 | 031119s2004 enka---##b---#001-0#eng-d | ||
| 020 | _a1840008334 | ||
| 040 |
_aUKM _cUKM _dOCLCQ |
||
| 050 | 4 |
_aNK4277 _b.N43 2004 |
|
| 100 | 1 |
_aNeale, Gillian _91638 |
|
| 245 | 1 | 0 |
_aMiller´s collecting blue & white pottery _cGillian Neale. |
| 260 |
_aLondres _bMiller´s _c2004 |
||
| 300 |
_a160 p. _bil. a color _c27 cm. |
||
| 500 | _aIncluye glosario e índice alfabético | ||
| 504 | _aBibliografía: p. 153 | ||
| 650 | 1 | 4 |
_aCerámica azul y blanca _xColeccionistas y colecciones _zInglaterra _91639 |
| 650 | 1 | 4 |
_aCerámica inglesa _xColecciones privadas _91640 |
| 650 | 1 | 4 |
_aCerámica inglesa _xMarcas y etiqueta _91641 |
| 650 | 1 | 4 |
_aCerámica inglesa _xConservación y restauración _91642 |
| 942 |
_2lcc _cB |
||
| 999 |
_c411 _d411 |
||